[Event "Lozovatsky Memorial-B 2019"]
[Site "Chelyabinsk"]
[Date "2019.01.16"]
[Round "5"]
[White "Remizov, Yaroslav"]
[Black "Radzhabov, Rodion"]
[Result "1-0"]
[WhiteElo "2357"]
[BlackElo "2329"]
[Annotator "TA"]
[PlyCount "143"]
[EventDate "2019.01.12"]
[EventType "tourn"]
[EventCountry "RUS"]
[SourceTitle "playchess.com"]
[Source "ChessBase"]
[SourceQuality "1"]

{[%evp 11,143,0,6,-25,0,-11,0,-12,0,-13,2,0,2,0,62,65,75,75,79,83,80,74,70,77,126,139,128,110,68,60,154,150,149,123,201,186,215,175,179,162,195,198,197,208,197,199,201,211,356,354,327,294,314,317,295,302,295,197,302,312,299,279,441,224,214,223,223,222,212,212,243,254,252,247,304,316,385,349,371,363,441,434,412,441,445,449,434,433,400,436,413,412,400,482,477,457,519,507,500,489,461,458,641,646,595,99,107,0,653,636,655,655,655,609,601,595,580,361,233,79,904,895,934,910,1144,1122,1201,1191,1137,1181,29983,29984,29987,29988]} 1. e4 c5 2. Nf3 e6 3. d4 cxd4 4. Nxd4 a6 5. Nc3 Qc7 6. Be3 Nf6 {LiveBook: 172 Games} 7. Qd3 {B43: Sicilian: Kan Variation: 5 Nc3} (7. f3 Bb4 8. Qd2 d5 9. Nde2 dxe4 10. a3 Ba5 11. O-O-O Nbd7 12. Bf4 e5 13. Bg5 O-O 14. Ng3 Bxc3 15. bxc3 Qa5 16. Kb2 Nc5 17. Bxf6 {1-0 (68) Nakamura,H (2775)-Van Wely,L (2654) Dubai 2014}) 7... Nc6 8. f4 $146 ({Predecessor:} 8. Nxc6 dxc6 9. O-O-O e5 10. Rd2 Be7 11. h3 O-O 12. g3 Be6 13. f4 b5 {0-1 (41) Zoufaly,T-Stachon,M (1925) Czechia 2009}) 8... Ng4 9. Nxc6 {The position is equal.} Nxe3 10. Qxe3 bxc6 11. e5 Rb8 12. O-O-O $36 {[%mdl 2048] White has some pressure.} Qa5 (12... d5 $11) 13. Bc4 $14 {[%cal Bf1c4,Bc4b3,Bb3a4][%mdl 32]} Qb4 14. Bb3 c5 15. a3 Qb7 16. Qe2 Be7 17. Rhf1 Qc7 {[#]} 18. f5 $1 Bb7 19. Ba4 Bc6 20. Qxa6 Bg5+ (20... Bxa4 $14 21. Qxa4 (21. Nxa4 Qxe5 {[%mdl 64] Double Attack} 22. fxe6 Qxe6 $14) 21... Bg5+ 22. Kb1 O-O) 21. Kb1 $16 {[%cal Bc1b1,Bb1b2,Bb2a2][%mdl 32]} Bxa4 22. Nxa4 ({Don't do} 22. Qxa4 $6 O-O $16) 22... O-O (22... c4 $16 {keeps fighting.}) 23. Qd6 $18 Qa7 24. Nxc5 Rb6 25. Qd3 Rxb2+ 26. Kxb2 Qxc5 27. Ka2 Qxe5 28. Qxd7 {Hoping for fxe6.} Bf6 {[%csl Gf6][%cal Re5b2]} 29. Rb1 Qe2 (29... Qe4 {was called for.} 30. Qd3 Qc6 31. fxe6 Qxe6+ 32. c4 Rd8) 30. Qc6 e5 31. Rfe1 Qf2 32. Qe4 h6 33. Re3 Rc8 34. Reb3 {Black must now prevent Rb8.} Kh7 (34... Rxc2+ $142 35. R1b2 Rxb2+ 36. Rxb2 Qa7) 35. R1b2 Rd8 36. c4 Qg1 (36... Qf1 $142 37. Rb1 Qf2+ 38. R3b2 Qa7) 37. Rd3 (37. Rb8 $142 Rd1 38. Rb1) 37... Rxd3 38. Qxd3 {[%mdl 4096] Endgame KQR-KQB} e4 39. Qb1 ({Don't take} 39. Qxe4 Bxb2 40. Kxb2 Qxh2) 39... Qd4 40. Rc2 e3 41. Qf1 Qe4 {[%cal Re4c2]} 42. Qe2 Qd4 43. c5 Qa1+ 44. Kb3 Qb1+ 45. Ka4 Qb7 46. Qxe3 Qc6+ 47. Kb3 Qd5+ 48. Rc4 Qb7+ 49. Rb4 Qd5+ 50. Ka4 Qc6+ 51. Rb5 Qa8+ 52. Kb4 Qxg2 53. Qd3 Qxh2 54. c6 Qf4+ 55. Qc4 Be7+ 56. Kb3 Qf3+ 57. Qc3 Qd1+ 58. Qc2 $2 (58. Ka2 $18) 58... Qf3+ $16 59. Qc3 $2 {[%mdl 8192]} (59. Ka2 $16 Qxa3+ 60. Kb1) 59... Qd1+ $1 $18 60. Ka2 Bf6 61. Qc4 Qd2+ 62. Kb3 {Threatens to win with c7.} Qe3+ 63. Ka4 {c7 is the strong threat.} Be7 {[%csl Ge7][%cal Re3a3]} 64. Ra5 {And now c7 would win.} Bd6 65. Kb5 $2 (65. Qxf7 $2 Qxa3+ 66. Kb5 Qc5+ 67. Ka6 Qxc6+ 68. Ka7 Bc5+ 69. Rxc5 Qxc5+ 70. Kb7 Qg1 $19) (65. f6 $18) 65... Qe8 $2 {[%mdl 8192]} (65... Bc7 $16 66. Ka4 Bxa5 67. Kxa5 Qa7+ 68. Kb5 Qb8+ 69. Kc5 Qe5+ 70. Qd5 Qc7) 66. Ra7 Qe5+ 67. Ka6 Bc7 68. Qb5 Qd6 69. a4 h5 {[#]} 70. f6 $1 g5 {[#]} (70... Qxf6 71. Qxh5+) 71. Rxc7 $1 {[%mdl 576] Promotion} Qxc7 72. Qb7 {Accuracy: White = 63%, Black = 44%.} 1-0

[Event "Lozovatsky Memorial-B 2019"]
[Site "Chelyabinsk"]
[Date "2019.01.16"]
[Round "5"]
[White "Frolov, Ivan"]
[Black "Tologontegin, Semetey"]
[Result "0-1"]
[WhiteElo "2210"]
[BlackElo "2385"]
[Annotator "TA"]
[PlyCount "82"]
[EventDate "2019.01.12"]
[EventType "tourn"]
[EventCountry "RUS"]
[SourceTitle "playchess.com"]
[Source "ChessBase"]
[SourceQuality "1"]

{[%evp 15,82,54,96,101,95,103,95,76,83,62,53,58,58,45,47,46,49,56,56,-16,-14,-89,-74,-106,-109,-104,-104,-163,-127,-143,-141,-181,-174,-187,-180,-181,-181,-181,-172,-201,-223,-223,-218,-215,-230,-279,-269,-288,-293,-448,-443,-445,-436,-1036,-861,-853,-845,-1054,-1026,-1220,-1201,-1183,-1193,-1159,-1142,-1249,-1227,-1228,-1217]} 1. e4 e6 2. d4 b6 3. Nf3 Bb7 4. Bd3 d6 5. c4 Nd7 6. Nc3 {B00: Queen's Fianchetto Defence, Nimzowitsch Defence} g6 7. Be3 Bg7 8. Qd2 h6 {LiveBook: 7 Games} 9. d5 $146 ({Predecessor:} 9. h3 Ne7 10. g4 a6 11. h4 {0-1 (58) Bacrot,E (2695)-Kamsky,G (2714) Moscow 2007}) 9... e5 10. h3 Ne7 11. g4 a5 12. b3 Nc5 13. Bc2 Bc8 14. Rg1 Bd7 15. O-O-O Qb8 16. Ne1 g5 17. h4 (17. f3 $14) 17... gxh4 $11 18. f4 (18. Kb1 $11) 18... exf4 $17 19. Bd4 {[#]} Be5 $1 20. Nf3 Ng6 21. Qf2 {[#]} (21. Kb1 $17) 21... Qd8 $1 $19 22. Nxe5 Nxe5 23. Qxf4 Qg5 24. Qd2 Rg8 25. Rdf1 Qxd2+ ({Don't take} 25... Bxg4 26. Qxg5 Rxg5 27. Bxe5 $17) 26. Kxd2 Rxg4 27. Bd1 {Bxe5 is the strong threat.} Rxg1 ({Avoid the trap} 27... Nxe4+ $2 28. Nxe4 Rxg1 29. Rxg1 $18) 28. Rxg1 {aiming for Rg8+.} Ke7 29. Bh5 h3 {[%cal Bh4h3,Bh3h2][%mdl 32]} 30. Bxe5 dxe5 31. Ke3 Rf8 32. Rg7 (32. Bf3 $142) 32... h2 {Black is clearly winning.} 33. Bf3 {[#]} h5 $1 34. Ne2 {[#]} (34. d6+ $142 Kf6 35. Rg3) (34. Bxh5 h1=Q) 34... Bg4 $1 35. Ng3 (35. Bxg4 h1=Q) 35... Kf6 36. Rh7 Kg6 37. Rxh5 Bxh5 38. Bxh5+ Kg5 39. Bf3 Rh8 40. Bg2 Rh4 41. Nh1 Rg4 {Accuracy: White = 31%, Black = 93%.} 0-1

[Event "Lozovatsky Memorial-B 2019"]
[Site "Chelyabinsk"]
[Date "2019.01.17"]
[Round "6"]
[White "Tologontegin, Semetey"]
[Black "Sitnikov, Anton"]
[Result "0-1"]
[WhiteElo "2385"]
[BlackElo "2410"]
[Annotator "NA"]
[PlyCount "135"]
[EventDate "2019.01.12"]
[EventType "tourn"]
[EventCountry "RUS"]
[SourceTitle "playchess.com"]
[Source "ChessBase"]
[SourceQuality "1"]
[TimeControl "5400+30"]

1. Nf3 {[%emt 0:00:00]} c5 {[%emt 0:00:00]} 2. e3 {[%emt 0:07:32]} b6 {[%emt 0:07:54]} 3. d4 {[%emt 0:00:10]} Bb7 {[%emt 0:00:12]} 4. d5 {[%emt 0:02:58]} Nf6 {[%emt 0:06:47]} 5. Nc3 {[%emt 0:14:23]} d6 {[%emt 0:02:19]} 6. e4 {[%emt 0:00:54]} Nbd7 {[%emt 0:00:06]} 7. Be2 {[%emt 0:04:58]} a6 {[%emt 0:00:20]} 8. a4 {[%emt 0:02:58]} g6 {[%emt 0:01:25]} 9. O-O {[%emt 0:00:49]} Bg7 {[%emt 0:00:06]} 10. h3 {[%emt 0:00:23]} O-O {[%emt 0:00:32]} 11. Be3 {[%emt 0:00:31]} Qc7 {[%emt 0:19:14]} 12. Re1 {[%emt 0:06:54]} Ne5 {[%emt 0:02:23]} 13. Nd2 {[%emt 0:16:55]} e6 {[%emt 0:01:05]} 14. f4 {[%emt 0:01:07]} Ned7 {[%emt 0:00:14]} 15. Nc4 {[%emt 0:01:07]} Nxe4 {[%emt 0:08:03]} 16. Nxe4 {[%emt 0:00:05]} exd5 {[%emt 0:00:03]} 17. Nexd6 {[%emt 0:00:10]} Bc6 {[%emt 0:00:11]} 18. c3 $15 {[%emt 0:15:13]} dxc4 {[%emt 0:24:32]} 19. Nxc4 {[%emt 0:01:47]} Rad8 {[%emt 0:09:08]} 20. Nd2 {[%emt 0:02:40]} Nf6 {[%emt 0:00:59]} 21. Qc1 {[%emt 0:13:14]} Nd5 {[%emt 0:01:08]} 22. Nf1 {[%emt 0:00:15]} Nxe3 {[%emt 0:08:23]} 23. Qxe3 {[%emt 0:00:10]} Rfe8 {[%emt 0:00:17]} 24. Qf2 {[%emt 0:00:35]} Re4 {[%emt 0:00:07]} 25. g3 {[%emt 0:02:32]} Rxa4 {[%emt 0:04:23]} 26. Rxa4 {[%emt 0:03:39]} Bxa4 {[%emt 0:00:02]} 27. Ra1 {[%emt 0:00:45]} Bb5 {[%emt 0:02:52]} 28. Bxb5 {[%emt 0:00:08]} axb5 {[%emt 0:00:02]} 29. Qe2 {[%emt 0:00:39]} b4 {[%emt 0:00:10]} 30. c4 {[%emt 0:00:37]} Qd7 {[%emt 0:00:34]} 31. Kh2 {[%emt 0:00:04]} Qd4 {[%emt 0:00:20]} 32. Rb1 {[%emt 0:00:17]} b3 {[%emt 0:01:21]} 33. Kg2 {[%emt 0:00:37]} h5 {[%emt 0:00:30]} 34. h4 {[%emt 0:00:09]} Kf8 {[%emt 0:00:44]} 35. Re1 {[%emt 0:00:55]} Kg8 {[%emt 0:00:26]} 36. Rb1 {[%emt 0:00:04]} Bf6 {[%emt 0:00:25]} 37. Kf3 {[%emt 0:00:45]} Rd7 {[%emt 0:00:37]} 38. Qe3 {[%emt 0:00:24]} Re7 {[%emt 0:00:32]} 39. Qxd4 {[%emt 0:00:31]} Bxd4 {[%emt 0:00:09]} 40. Rd1 {[%emt 0:00:22]} Bxb2 {[%emt 0:00:49]} 41. Rb1 {[%emt 0:00:05]} Bd4 {[%emt 0:00:12]} 42. Rxb3 {[%emt 0:00:05]} Re1 {[%emt 0:00:50]} 43. Nd2 {[%emt 0:01:26]} f5 {[%emt 0:00:29]} 44. Rd3 {[%emt 0:00:12]} Rc1 {[%emt 0:00:17]} 45. Ke2 {[%emt 0:00:41]} Kf7 {[%emt 0:00:25]} 46. Rb3 {[%emt 0:00:28]} Rc3 {[%emt 0:00:23]} 47. Rxc3 {[%emt 0:01:25]} Bxc3 {[%emt 0:00:01]} 48. Nf3 {[%emt 0:00:04]} Ke6 {[%emt 0:00:50]} 49. Kd3 {[%emt 0:00:04]} Bf6 {[%emt 0:00:10]} 50. Kc2 {[%emt 0:01:20]} Kd6 {[%emt 0:00:33]} 51. Kd2 {[%emt 0:00:44]} Bd4 {[%emt 0:01:24]} 52. Ke2 {[%emt 0:00:04]} Kc6 {[%emt 0:00:09]} 53. Kd3 {[%emt 0:00:55]} Bf6 {[%emt 0:00:31]} 54. Ke3 {[%emt 0:00:39]} b5 {[%emt 0:00:15]} 55. Kd3 {[%emt 0:00:10]} Kb6 {[%emt 0:00:45]} 56. cxb5 {[%emt 0:00:34]} Kxb5 {[%emt 0:00:04]} 57. Ne5 {[%emt 0:00:06]} Bxe5 {[%emt 0:00:31]} 58. fxe5 {[%emt 0:00:03]} Kb6 {[%emt 0:00:03]} 59. Kc3 {[%emt 0:01:03]} Kc7 {[%emt 0:00:05]} 60. Kc4 {[%emt 0:00:54]} Kc6 {[%emt 0:00:02]} 61. e6 {[%emt 0:00:05]} Kd6 {[%emt 0:00:03]} 62. e7 {[%emt 0:00:06]} Kxe7 {[%emt 0:00:02]} 63. Kxc5 {[%emt 0:00:03]} f4 {[%emt 0:00:57]} 64. gxf4 {[%emt 0:01:07]} Ke6 {[%emt 0:00:06]} 65. Kd4 {[%emt 0:00:29]} Kf5 {[%emt 0:00:03]} 66. Ke3 {[%emt 0:00:05]} Kg4 {[%emt 0:00:02]} 67. f5 {[%emt 0:00:45]} gxf5 {[%emt 0:00:04]} 68. Kd4 0-1

[Event "Lozovatsky Memorial-B 2019"]
[Site "Chelyabinsk"]
[Date "2019.01.17"]
[Round "6"]
[White "Radzhabov, Rodion"]
[Black "Nugumanov, Bakhtiyar"]
[Result "1/2-1/2"]
[WhiteElo "2329"]
[BlackElo "2391"]
[Annotator "NA"]
[PlyCount "75"]
[EventDate "2019.01.12"]
[EventType "tourn"]
[EventCountry "RUS"]
[SourceTitle "playchess.com"]
[Source "ChessBase"]
[SourceQuality "1"]
[TimeControl "5400+30"]

1. e4 {[%emt 0:00:00]} e5 {[%emt 0:00:04]} 2. Nf3 {[%emt 0:00:00]} Nc6 {[%emt 0:00:10]} 3. Nc3 {[%emt 0:00:00]} Nf6 {[%emt 0:00:20]} 4. Be2 {[%emt 0:00:05]} d5 {[%emt 0:04:01]} 5. exd5 {[%emt 0:00:08]} Nxd5 {[%emt 0:00:09]} 6. O-O {[%emt 0:00:05]} Nxc3 {[%emt 0:00:53]} 7. bxc3 {[%emt 0:00:02]} e4 {[%emt 0:01:44]} 8. Ne1 {[%emt 0:00:10]} Bd6 {[%emt 0:01:05]} 9. f3 {[%emt 0:01:15]} f5 {[%emt 0:04:03]} 10. fxe4 {[%emt 0:01:50]} fxe4 {[%emt 0:01:24]} 11. d4 {[%emt 0:18:59]} Rf8 {[%emt 0:10:21]} 12. g3 {[%emt 0:03:27]} Qe7 {[%emt 0:06:17]} 13. Ng2 {[%emt 0:09:10]} Bd7 {[%emt 0:04:03]} 14. Rxf8+ {[%emt 0:05:26]} Qxf8 {[%emt 0:01:35]} 15. Bg5 {[%emt 0:02:27]} Be7 {[%emt 0:04:13]} 16. Qd2 {[%emt 0:02:15]} O-O-O {[%emt 0:05:14]} 17. Rf1 {[%emt 0:21:32]} Qe8 {[%emt 0:09:24]} 18. Bc4 $11 {[%emt 0:05:38]} Qg6 {[%emt 0:06:39]} 19. Bxe7 {[%emt 0:02:40]} Nxe7 {[%emt 0:00:03]} 20. Ne3 {[%emt 0:10:26]} Kb8 {[%emt 0:08:55]} 21. Rf7 {[%emt 0:02:51]} Nc8 {[%emt 0:03:04]} 22. Qf2 {[%emt 0:00:29]} Nd6 {[%emt 0:02:48]} 23. Re7 {[%emt 0:00:32]} a6 {[%emt 0:04:38]} 24. Bd5 {[%emt 0:03:23]} Bc8 {[%emt 0:02:48]} 25. Qf4 {[%emt 0:01:39]} Rd7 {[%emt 0:08:20]} 26. Re5 {[%emt 0:02:35]} Qf6 {[%emt 0:05:30]} 27. Bxe4 {[%emt 0:01:10]} Qxf4 {[%emt 0:00:46]} 28. gxf4 {[%emt 0:00:07]} Rf7 {[%emt 0:00:49]} 29. Ng2 {[%emt 0:02:39]} Nxe4 {[%emt 0:01:26]} 30. Rxe4 {[%emt 0:00:01]} Bf5 {[%emt 0:00:56]} 31. Re8+ {[%emt 0:01:16]} Ka7 {[%emt 0:00:00]} 32. Ne3 {[%emt 0:00:17]} Bg6 {[%emt 0:00:25]} 33. Rg8 {[%emt 0:00:17]} Be4 {[%emt 0:00:44]} 34. f5 {[%emt 0:00:55]} g6 {[%emt 0:00:21]} 35. fxg6 {[%emt 0:00:35]} Bxg6 {[%emt 0:00:12]} 36. Kg2 {[%emt 0:01:39]} Be4+ {[%emt 0:00:23]} 37. Kg1 {[%emt 0:00:07]} Bg6 {[%emt 0:00:08]} 38. Kg2 {[%emt 0:00:16]} 1/2-1/2

[Event "Lozovatsky Memorial-B 2019"]
[Site "Chelyabinsk"]
[Date "2019.01.17"]
[Round "6"]
[White "Dauletova, Gulmira"]
[Black "Mischuk, Dmitry"]
[Result "1/2-1/2"]
[WhiteElo "2240"]
[BlackElo "2357"]
[Annotator "NA"]
[PlyCount "145"]
[EventDate "2019.01.12"]
[EventType "tourn"]
[EventCountry "RUS"]
[SourceTitle "playchess.com"]
[Source "ChessBase"]
[SourceQuality "1"]
[TimeControl "5400+30"]

1. e4 {[%emt 0:00:00]} d6 {[%emt 0:01:25]} 2. d4 {[%emt 0:00:00]} Nf6 {[%emt 0:00:06]} 3. Nc3 {[%emt 0:00:06]} e5 {[%emt 0:00:16]} 4. Nf3 {[%emt 0:00:56]} Nbd7 {[%emt 0:00:36]} 5. Bc4 {[%emt 0:00:25]} Nb6 {[%emt 0:01:19]} 6. Be2 {[%emt 0:04:28]} exd4 {[%emt 0:00:25]} 7. Qxd4 {[%emt 0:04:56]} Be7 {[%emt 0:00:14]} 8. O-O {[%emt 0:01:13]} O-O {[%emt 0:00:11]} 9. b3 {[%emt 0:08:08]} Nfd7 {[%emt 0:03:04]} 10. Be3 {[%emt 0:13:05]} Bf6 {[%emt 0:04:15]} 11. Qd2 {[%emt 0:00:24]} Re8 {[%emt 0:02:16]} 12. Bd3 {[%emt 0:11:46]} c6 {[%emt 0:22:26]} 13. Rad1 {[%emt 0:04:54]} Qc7 {[%emt 0:07:35]} 14. Rfe1 {[%emt 0:12:57]} Ne5 {[%emt 0:07:07]} 15. Be2 {[%emt 0:01:18]} Nxf3+ {[%emt 0:04:55]} 16. Bxf3 {[%emt 0:00:04]} Be6 {[%emt 0:00:10]} 17. Bd4 $11 {[%emt 0:10:04]} Be5 {[%emt 0:01:35]} 18. Ne2 {[%emt 0:03:11]} Rad8 {[%emt 0:03:01]} 19. c4 {[%emt 0:00:22]} Nd7 {[%emt 0:01:24]} 20. Ng3 {[%emt 0:03:25]} c5 {[%emt 0:13:47]} 21. Be3 {[%emt 0:06:08]} Nb8 {[%emt 0:00:25]} 22. Be2 {[%emt 0:00:03]} g6 {[%emt 0:00:54]} 23. f4 {[%emt 0:02:04]} Bg7 {[%emt 0:00:08]} 24. Rf1 {[%emt 0:04:18]} Bc8 {[%emt 0:02:49]} 25. Kh1 {[%emt 0:01:46]} Nc6 {[%emt 0:00:12]} 26. Bd3 {[%emt 0:00:02]} a6 {[%emt 0:00:37]} 27. Qf2 {[%emt 0:00:53]} b6 {[%emt 0:06:58]} 28. Bc1 {[%emt 0:01:42]} Bb7 {[%emt 0:01:51]} 29. Bb2 {[%emt 0:01:12]} Bxb2 {[%emt 0:00:28]} 30. Qxb2 {[%emt 0:00:01]} Nd4 {[%emt 0:00:07]} 31. Rde1 {[%emt 0:00:34]} Bc6 {[%emt 0:01:36]} 32. Qd2 {[%emt 0:00:26]} Qe7 {[%emt 0:00:56]} 33. f5 {[%emt 0:01:26]} Bd7 {[%emt 0:04:34]} 34. e5 {[%emt 0:02:04]} dxe5 {[%emt 0:00:57]} 35. fxg6 {[%emt 0:00:27]} hxg6 {[%emt 0:01:28]} 36. Qh6 {[%emt 0:00:05]} Qf8 {[%emt 0:01:14]} 37. Qg5 {[%emt 0:01:45]} Qg7 {[%emt 0:00:56]} 38. Ne4 {[%emt 0:00:13]} f5 {[%emt 0:03:50]} 39. Nf6+ {[%emt 0:00:01]} Kf7 {[%emt 0:00:04]} 40. Nxe8 {[%emt 0:00:04]} Rxe8 {[%emt 0:00:06]} 41. Be4 {[%emt 0:00:04]} Qf6 {[%emt 0:00:24]} 42. Bd5+ {[%emt 0:00:17]} Kg7 {[%emt 0:00:07]} 43. Qd2 {[%emt 0:03:29]} a5 {[%emt 0:01:13]} 44. g3 {[%emt 0:00:07]} Qd6 {[%emt 0:00:45]} 45. Qg2 {[%emt 0:00:20]} Be6 {[%emt 0:02:15]} 46. Bxe6 {[%emt 0:00:13]} Rxe6 {[%emt 0:00:06]} 47. Qb7+ {[%emt 0:00:44]} Re7 {[%emt 0:00:08]} 48. Qg2 {[%emt 0:00:45]} Qf6 {[%emt 0:01:06]} 49. g4 {[%emt 0:00:13]} f4 {[%emt 0:00:40]} 50. Qe4 {[%emt 0:00:44]} g5 {[%emt 0:00:18]} 51. Qd5 {[%emt 0:00:28]} Qc6 {[%emt 0:00:44]} 52. Qe4 {[%emt 0:00:43]} Kf6 {[%emt 0:00:12]} 53. Rf2 {[%emt 0:00:31]} Qxe4+ {[%emt 0:00:47]} 54. Rxe4 {[%emt 0:00:01]} Rd7 {[%emt 0:00:17]} 55. Rd2 {[%emt 0:00:08]} Rh7 {[%emt 0:00:37]} 56. Rd3 {[%emt 0:00:52]} a4 {[%emt 0:00:53]} 57. bxa4 {[%emt 0:00:48]} Ra7 {[%emt 0:00:08]} 58. Ra3 {[%emt 0:00:07]} f3 {[%emt 0:00:37]} 59. Kg1 {[%emt 0:00:38]} Ra8 {[%emt 0:00:44]} 60. Kf2 {[%emt 0:00:10]} Rh8 {[%emt 0:00:29]} 61. Kg1 {[%emt 0:01:34]} Rh3 {[%emt 0:00:51]} 62. Rae3 {[%emt 0:00:07]} Rh4 {[%emt 0:00:22]} 63. a5 {[%emt 0:00:19]} bxa5 {[%emt 0:00:04]} 64. Ra3 {[%emt 0:01:04]} Ne2+ {[%emt 0:01:03]} 65. Kf1 {[%emt 0:00:01]} Rxh2 {[%emt 0:00:19]} 66. Rxf3+ {[%emt 0:00:10]} Nf4 {[%emt 0:00:06]} 67. Ra3 {[%emt 0:00:18]} Rh1+ {[%emt 0:00:19]} 68. Kf2 {[%emt 0:00:01]} Rh2+ {[%emt 0:00:13]} 69. Kf1 {[%emt 0:00:01]} Rh1+ {[%emt 0:00:24]} 70. Kf2 {[%emt 0:00:01]} Rh2+ {[%emt 0:00:16]} 71. Kf1 {[%emt 0:01:27]} Rh1+ {[%emt 0:00:06]} 72. Kf2 Rh2+ 73. Ke1 1/2-1/2

[Event "Lozovatsky Memorial-B 2019"]
[Site "Chelyabinsk"]
[Date "2019.01.17"]
[Round "6"]
[White "Kholopov, Alexander A."]
[Black "Ponomariov, Valeriy"]
[Result "1/2-1/2"]
[WhiteElo "2211"]
[BlackElo "2378"]
[Annotator "NA"]
[PlyCount "56"]
[EventDate "2019.01.12"]
[EventType "tourn"]
[EventCountry "RUS"]
[SourceTitle "playchess.com"]
[Source "ChessBase"]
[SourceQuality "1"]
[TimeControl "5400+30"]

1. d4 {[%emt 0:00:00]} Nf6 {[%emt 0:00:00]} 2. c4 {[%emt 0:00:00]} e6 {[%emt 0:00:00]} 3. Nc3 {[%emt 0:00:00]} Bb4 {[%emt 0:00:00]} 4. Qc2 {[%emt 0:00:00]} d5 {[%emt 0:00:06]} 5. cxd5 {[%emt 0:00:00]} exd5 {[%emt 0:00:15]} 6. Bg5 {[%emt 0:00:00]} h6 {[%emt 0:00:17]} 7. Bh4 {[%emt 0:00:00]} g5 {[%emt 0:02:57] E35: Nimzo-Indian: Classical: 4...d5 5 cxd5 exd5} (7... c5 8. dxc5 g5 9. Bg3 Ne4 10. e3 Qa5 11. Nge2 Bf5 12. Bxb8 Rxb8 13. Nd4 Bd7 14. Nb3 Bxc3+ 15. bxc3 Qxc3+ 16. Qxc3 Nxc3 17. Bd3 Ke7 {½-½ (37) Duda,J (2739)-Karjakin,S (2760) Batumi 2018}) 8. Bg3 {[%emt 0:00:00]} Nc6 {[%emt 0:00:09]} 9. e3 {[%emt 0:01:56]} h5 {[%emt 0:05:01]} 10. Nf3 {[%emt 0:12:49]} Ne4 {[%emt 0:07:54]} 11. Nd2 $146 {[%emt 0:27:32]} ({Predecessor:} 11. Ne5 h4 12. Nxc6 bxc6 13. f3 Nxc3 14. bxc3 hxg3 15. cxb4 {1-0 (34) Cederstam Barsk,C (2229)-Adler,B (2169) Stockholm 2012}) 11... Nxd2 {[%emt 0:13:24]} 12. Kxd2 {[%emt 0:00:03]} h4 {[%emt 0:01:26]} 13. Be5 {[%emt 0:00:05]} Nxe5 {[%emt 0:06:34]} 14. dxe5 {[%emt 0:00:03]} c6 {[%emt 0:00:26]} 15. Rd1 {[%emt 0:03:18]} Be6 {[%emt 0:15:44]} 16. Kc1 {[%emt 0:00:14]} Qb6 {[%emt 0:02:33]} 17. a3 {[%emt 0:03:22]} Bf8 {[%emt 0:05:07]} 18. Bd3 {[%emt 0:10:20]} Bg7 {[%emt 0:02:47]} 19. Na4 $15 {[%emt 0:06:59]} Qc7 {[%emt 0:05:33]} 20. f4 {[%emt 0:00:04]} gxf4 {[%emt 0:00:42]} 21. exf4 Bh6 {[%emt 0:00:21]} 22. g3 {[%emt 0:10:34]} Qxe5 {[%emt 0:07:14]} 23. Rhe1 {[%emt 0:04:48]} Qf6 {[%emt 0:01:01]} 24. Ba6 {[%emt 0:11:41]} O-O {[%emt 0:08:19]} 25. Bxb7 {[%emt 0:01:41]} Rab8 {[%emt 0:00:24]} 26. Ba6 {[%emt 0:00:06]} Bg7 {[%emt 0:03:21]} 27. Re5 {[%emt 0:00:56]} d4 {[%emt 0:04:00]} 28. Nc5 {[%emt 0:00:41]} Rfd8 {[%emt 0:00:44]} 1/2-1/2

[Event "Lozovatsky Memorial-B 2019"]
[Site "Chelyabinsk"]
[Date "2019.01.17"]
[Round "6"]
[White "Frolov, Ivan"]
[Black "Remizov, Yaroslav"]
[Result "0-1"]
[WhiteElo "2210"]
[BlackElo "2357"]
[Annotator "NA"]
[PlyCount "68"]
[EventDate "2019.01.12"]
[EventType "tourn"]
[EventCountry "RUS"]
[SourceTitle "playchess.com"]
[Source "ChessBase"]
[SourceQuality "1"]
[TimeControl "5400+30"]

1. e4 {[%emt 0:00:00]} d6 {[%emt 0:12:33]} 2. d4 {[%emt 0:00:21]} Nf6 {[%emt 0:00:02]} 3. Bd3 {[%emt 0:03:13]} e5 {[%emt 0:01:00]} 4. d5 {[%emt 0:02:44]} g6 {[%emt 0:07:07]} 5. c4 {[%emt 0:00:39]} Bg7 {[%emt 0:00:47]} 6. f3 {[%emt 0:02:20]} Nh5 {[%emt 0:04:42]} 7. Be3 {[%emt 0:01:02]} Nf4 {[%emt 0:07:16]} 8. Bf1 {[%emt 0:02:57]} f5 {[%emt 0:22:08]} 9. Nc3 {[%emt 0:00:06]} O-O {[%emt 0:00:42]} 10. g3 {[%emt 0:02:07]} Nh5 {[%emt 0:00:05]} 11. Qd2 $14 {[%emt 0:00:59]} fxe4 {[%emt 0:04:38]} 12. Nxe4 {[%emt 0:04:32]} Nf6 {[%emt 0:00:28]} 13. Ng5 {[%emt 0:09:08]} e4 {[%emt 0:06:21]} 14. Nxe4 {[%emt 0:01:06]} Nxe4 {[%emt 0:01:33]} 15. fxe4 {[%emt 0:00:04]} Qe8 {[%emt 0:10:57]} 16. Bg2 {[%emt 0:02:42]} Nd7 {[%emt 0:00:34]} 17. Ne2 {[%emt 0:17:15]} Ne5 {[%emt 0:06:34]} 18. Qc2 {[%emt 0:01:17]} b5 {[%emt 0:03:36]} 19. cxb5 {[%emt 0:04:51]} Qxb5 {[%emt 0:00:18]} 20. Rd1 {[%emt 0:11:17]} Bh3 {[%emt 0:03:49]} 21. Nc3 {[%emt 0:02:45]} Qc4 {[%emt 0:01:04]} 22. b3 {[%emt 0:00:22]} Qxc3+ {[%emt 0:02:59]} 23. Qxc3 {[%emt 0:00:10]} Bxg2 {[%emt 0:00:02]} 24. Ke2 {[%emt 0:01:43]} Bf3+ {[%emt 0:00:24]} 25. Kd2 {[%emt 0:00:05]} Bxh1 {[%emt 0:00:28]} 26. Qxc7 {[%emt 0:02:15]} Bxe4 {[%emt 0:00:31]} 27. Qxd6 {[%emt 0:00:26]} Rad8 {[%emt 0:00:56]} 28. Qe6+ {[%emt 0:00:23]} Kh8 {[%emt 0:00:03]} 29. Kc1 {[%emt 0:02:29]} Rc8+ {[%emt 0:00:15]} 30. Kd2 {[%emt 0:01:22]} Rc2+ {[%emt 0:00:05]} 31. Ke1 {[%emt 0:00:04]} Nf3+ {[%emt 0:00:03]} 32. Kf1 {[%emt 0:00:03]} Nxh2+ {[%emt 0:00:06]} 33. Kg1 {[%emt 0:00:04]} Nf3+ {[%emt 0:00:46]} 34. Kf1 {[%emt 0:00:03]} Ng5+ {[%emt 0:00:03]} 0-1